Теория механики грунтов: пер. с нем.

Dettagli Bibliografici
Autore principale: Терцаги К. Карл
Altri autori: Утевский И. С. (переводчик), Цытович Н. А. (редактор)
Riassunto:Загл. указано на пер.
Lingua:russo
Pubblicazione: Москва, Госстройиздат, 1961
Soggetti:
Natura: MixedMaterials Libro
KOHA link:https://koha.lib.tpu.ru/cgi-bin/koha/opac-detail.pl?biblionumber=106728

MARC

LEADER 00000nam0a2200000 4500
001 106728
005 20231031115021.0
035 |a (RuTPU)RU\TPU\book\115251 
090 |a 106728 
100 |a 20061212d1961 k y0rusy50 ca 
101 1 |a rus  |c ger 
102 |a RU 
105 |a a z 001zy 
200 1 |a Теория механики грунтов  |e пер. с нем.  |f К. Терцаги  |g пер. И. С. Утевский; под ред. Н. А. Цытовича 
210 |a Москва  |c Госстройиздат  |d 1961 
215 |a 507с.  |c ил. 
300 |a Загл. указано на пер. 
320 |a Библиогр.: с. 499-507 
610 1 |a грунты 
610 1 |a разрушения 
610 1 |a арочный эффект 
610 1 |a устойчивость 
610 1 |a крепления 
610 1 |a шпунтовые стенки 
610 1 |a уплотнение 
610 1 |a упругость 
610 1 |a задачи 
610 1 |a колебания 
610 1 |a механика 
675 |a 624.131  |v 3 
700 1 |a Терцаги  |b К.  |g Карл 
702 1 |a Утевский  |b И. С.  |4 730 
702 1 |a Цытович  |b Н. А.  |4 340 
801 1 |a RU  |b 63413507  |c 20061212  |g PSBO 
801 2 |a RU  |b 63413507  |c 20220119  |g PSBO 
900 |a Механика грунтов 
942 |c BK